La palabra, instrumento esencial para escribir y describir la violencia y la paz (Record no. 358604)

000 -CABECERA
Campo de control de longitud fija 00384nab a22001097u 4500
008 - CÓDIGOS DE INFORMACIÓN DE LONGITUD FIJA
Campo de control de longitud fija 130520b2002 xxu||||| |||| 00| 0 spa d
041 ## - CÓDIGO DE LENGUA
Código de lengua del texto/banda sonora o título independiente spa
100 1# - PUNTO DE ACCESO PRINCIPAL-NOMBRE DE PERSONA
Nombre de persona Beotas, Enrique
9 (RLIN) 68559
245 00 - MENCIÓN DE TÍTULO
Título La palabra, instrumento esencial para escribir y describir la violencia y la paz
Mención de responsabilidad, etc. Enrique Beotas
773 0# - ENLACE AL DOCUMENTO FUENTE
Título Torre de los Lujanes
Parte(s) relacionada(s) nº47,2002,págs. 97-106
Número Internacional Normalizado para Publicaciones Seriadas (ISSN) 1136-4343
Número de control del registro relacionado Rev481
942 ## - ENTRADA DE ELEMENTOS AGREGADOS (KOHA)
Koha [por defecto] tipo de item Artículos de revista
Holdings
Suprimido Perdido Estropeado No para préstamo Localización permanente Localización actual Localización en estantería Fecha adquisición Préstamos totales Fecha última consulta Fecha del precio de reemplazo Tipo de item de Koha
        San Esteban San Esteban Depósito de revistas 21/05/2013   21/05/2013 21/05/2013 Artículos de revista

Bibliotecas Dominicos Provincia Hispania, 2016

Con tecnología Koha